MARC details
| 000 -LEADER |
| campo de control de longitud fija |
00942nam a22002417a 4500 |
| 001 - NÚMERO DE CONTROL |
| campo de control |
000546 |
| 003 - IDENTIFICADOR DE NÚMERO DE CONTROL |
| campo de control |
CoMeUDC000546 |
| 005 - FECHA Y HORA DE LA ÚLTIMA TRANSACCIÓN |
| campo de control |
20190130192621.0 |
| 008 - DATOS DE LONGITUD FIJA--INFORMACIÓN GENERAL |
| campo de control de longitud fija |
130821s2004 sp gr spa |
| 020 ## - NÚMERO INTERNACIONAL ESTÁNDAR DEL LIBRO |
| Número Internacional Estándar del Libro |
8482359754 |
| 040 ## - FUENTE DE CATALOGACIÓN |
| Centro catalogador/agencia de origen |
Co-BoUCM |
| Lengua de catalogación |
spa |
| Centro/agencia transcriptor |
CoMeUDC |
| 041 00 - CÓDIGO DE IDIOMA |
| Código de lengua del texto/banda sonora o título independiente |
spa |
| 082 04 - NÚMERO DE LA CLASIFICACIÓN DECIMAL DEWEY |
| Número de clasificación |
657.021 |
| Información de edición |
20 |
| Número de ítem |
I61 |
| 110 2# - ENTRADA PRINCIPAL--NOMBRE DE ENTIDAD CORPORATIVA |
| Nombre de entidad corporativa o nombre de jurisdicción como elemento de entrada |
International Accounting Standards Committee Foundation. IASCF |
| 245 10 - MENCIÓN DEL TÍTULO |
| Título |
Normas internacionales de información financiera (NIIF) 2004 donde también se incluyen las normas internacionales de contabilidad (NIC) y sus interpretaciones |
| Mención de responsabilidad, etc. |
International Accounting Standards Committee Foundation |
| 260 ## - PUBLICACIÓN, DISTRIBUCIÓN, ETC. |
| Lugar de publicación, distribución, etc. |
Madrid (España) : |
| Nombre del editor, distribuidor, etc. |
NIIF, |
| Fecha de publicación, distribución, etc. |
2004. |
| 300 ## - DESCRIPCIÓN FÍSICA |
| Extensión |
1500 páginas ; |
| 504 ## - NOTA DE BIBLIOGRAFÍA, ETC. |
| Nota de bibliografía, etc. Nota |
Incluye índice y bibliografía. |
| 650 04 - PUNTO DE ACCESO ADICIONAL DE MATERIA--TÉRMINO DE MATERIA |
| Término de materia o nombre geográfico como elemento de entrada |
Contabilidad |
| 9 (RLIN) |
7449 |
| 650 04 - PUNTO DE ACCESO ADICIONAL DE MATERIA--TÉRMINO DE MATERIA |
| Término de materia o nombre geográfico como elemento de entrada |
Contabilidad |
| Subdivisión de forma |
Normas |
| 9 (RLIN) |
7449 |
| 650 04 - PUNTO DE ACCESO ADICIONAL DE MATERIA--TÉRMINO DE MATERIA |
| Término de materia o nombre geográfico como elemento de entrada |
Estados financieros |
| Subdivisión de forma |
Normas |
| 9 (RLIN) |
15032 |
| 942 ## - ELEMENTOS DE ENTRADA SECUNDARIOS (KOHA) |
| Tipo de ítem Koha |
Libros |
| Código de la institución [OBSOLETO] |
16 |
| Edición |
1 |
| Sufijo de la signatura |
I612n |
| Fuente del sistema de clasificación o colocación |
Clasificación Decimal Dewey |
| Parte de la signatura que corresponde a la clasificación (Parte de la clasificación) |
657.30218 |